De Officio Hominis et Civis Juxta Legem Naturalem Libri Duo. (Record no. 48257)
[ view plain ]
| 000 -LEADER | |
|---|---|
| fixed length control field | 01603naa a2200337 i 4500 |
| 003 - CONTROL NUMBER IDENTIFIER | |
| control field | EG-GICUC |
| 005 - DATE AND TIME OF LATEST TRANSACTION | |
| control field | 20260121101428.0 |
| 008 - FIXED-LENGTH DATA ELEMENTS--GENERAL INFORMATION | |
| fixed length control field | 251203s1927 us ||||fr|||| ||| ||lat d |
| 040 ## - CATALOGING SOURCE | |
| Original cataloging agency | EG-GiCUC |
| Language of cataloging | eng |
| Transcribing agency | EG-GiCUC |
| Modifying agency | EG-GiCUC |
| Description conventions | rda |
| 041 1# - LANGUAGE CODE | |
| Language code of text/sound track or separate title | eng |
| 082 04 - DEWEY DECIMAL CLASSIFICATION NUMBER | |
| Edition number | 21 |
| Classification number | 341.1 |
| Item number | PU . O |
| 092 04 - LOCALLY ASSIGNED DEWEY CALL NUMBER (OCLC) | |
| Edition number | 21 |
| 099 ## - LOCAL FREE-TEXT CALL NUMBER (OCLC) | |
| Classification number | Law1 11 341.1 PU . O 1927 |
| 100 1# - MAIN ENTRY--PERSONAL NAME | |
| Personal name | Pufendorf, Samuel Von, |
| Dates associated with a name | 1632-1694, |
| Relator term | Author. |
| 245 13 - TITLE STATEMENT | |
| Title | De Officio Hominis et Civis Juxta Legem Naturalem Libri Duo. |
| Number of part/section of a work | Volume One, |
| Name of part/section of a work | A Photographic Reproduction of the Edition of 1682 / |
| Statement of responsibility, etc. | by Samuel Von Pufendorf ; with an Introduction by Walther Schücking. |
| 264 #3 - PRODUCTION, PUBLICATION, DISTRIBUTION, MANUFACTURE, AND COPYRIGHT NOTICE | |
| Place of production, publication, distribution, manufacture | New York : |
| Name of producer, publisher, distributor, manufacturer | Oxford University Press, |
| Date of production, publication, distribution, manufacture, or copyright notice | 1927. |
| 300 ## - PHYSICAL DESCRIPTION | |
| Extent | Various paging ; |
| Dimensions | 24 cm. |
| Other physical details | illustrations, |
| 336 ## - CONTENT TYPE | |
| Source | rda content |
| Content type term | text |
| 337 ## - MEDIA TYPE | |
| Source | rda media |
| Media type term | Computer |
| 338 ## - CARRIER TYPE | |
| Source | rda carrier |
| Carrier type term | Online Resource |
| 490 0# - SERIES STATEMENT | |
| Series statement | The classics of international law. |
| 500 ## - GENERAL NOTE | |
| General note | Text in Latin with an Introduction in English <br/> and a List of Errata. |
| 504 ## - BIBLIOGRAPHY, ETC. NOTE | |
| Bibliography, etc. note | Bibliographic references |
| 505 ## - FORMATTED CONTENTS NOTE | |
| Formatted contents note | VOL. I. A Photographic Reproduction of the Edition of 1682, with an Introduction by Walther Schücking and a List of Errata. <br/>VOL. II. A Translation of the Text, by Frank Gardner Moore, with a Translation (by Herbert F. Wright) of the Introduo tion by Walther Schücking, and an Index by Herbert F. Wright. |
| 650 14 - SUBJECT ADDED ENTRY--TOPICAL TERM | |
| Topical term or geographic name entry element | Public international law |
| Source of heading or term | qrmak |
| 651 1# - SUBJECT ADDED ENTRY--GEOGRAPHIC NAME | |
| Source of heading or term | qrmak |
| 700 1# - ADDED ENTRY--PERSONAL NAME | |
| Personal name | Schücking, Walther, |
| Relator term | Contributor |
| Dates associated with a name | 1875-1935, |
| 856 40 - ELECTRONIC LOCATION AND ACCESS | |
| Uniform Resource Identifier | <a href="https://fll.law.cu.edu.eg/fulltext/bks/B11-05403.pdf">https://fll.law.cu.edu.eg/fulltext/bks/B11-05403.pdf</a> |
| 905 ## - Cataloger and Reviser Names | |
| Cataloger Name: | Rawan khaled |
| Revisor Name: | Hassnaa |
| 942 ## - ADDED ENTRY ELEMENTS (KOHA) | |
| Source of classification or shelving scheme | Dewey Decimal Classification |
| Suppress in OPAC | No |
| Koha item type | Books |
| Edition | 21 |
| Withdrawn status | Lost status | Source of classification or shelving scheme | Damaged status | Not for loan | Collection | Home library | Current library | Date acquired | Total checkouts | Full call number | Barcode | Date last seen | Copy number | Price effective from | Koha item type |
|---|---|---|---|---|---|---|---|---|---|---|---|---|---|---|---|
| Dewey Decimal Classification | Not for loan | القانون الدولي العام | جــــامعة القــاهرة | مكتبة كلية الحقوق - المبنى الرئيسي | 03.12.2025 | Law1 11 341.1 PU . O 1927 1105403 V1, C1 | B11-05403 | 03.12.2025 | 1 | 03.12.2025 | Books |